[Event "Madrid San Viator op-A 31st"]
[Site "Madrid"]
[Date "2019.11.17"]
[Round "9"]
[White "Calvo Gonzalez, Jose Felix"]
[Black "Padin Lazaro, Jose Manuel"]
[Result "1/2-1/2"]
[WhiteElo "1683"]
[BlackElo "1847"]
[PlyCount "48"]
[EventDate "2019.09.08"]
[EventType "swiss"]
[EventRounds "9"]
[EventCountry "ESP"]
[SourceTitle "EXT 2022"]
[Source "ChessBase"]
[SourceDate "2021.10.06"]
[SourceVersion "1"]
[SourceVersionDate "2021.10.06"]
[SourceQuality "1"]

1. d4 d5 2. c4 e6 3. Nc3 c5 4. cxd5 exd5 5. Nf3 Nc6 6. Bg5 Be7 7. Bxe7 Ngxe7 8. e3 c4 9. Be2 0-0 10. 0-0 Rb8 11. Na4 Qd6 12. b3 cxb3 13. Qxb3 b6 14. Nc3 Na5 15. Qb2 Bd7 16. Ne5 Be8 17. Nb5 Bxb5 18. Qxb5 Rbc8 19. Qb2 f6 20. Nf3 Nc4 21. Qb3 Rc7 22. Rfd1 Rfc8 23. Bd3 Kf8 24. Nd2 Nxd2 1/2-1/2

[Event "Madrid San Viator op-A 31st"]
[Site "Madrid"]
[Date "2019.10.20"]
[Round "6"]
[White "Garcia Galeote, Lorenzo"]
[Black "Padin Lazaro, Jose Manuel"]
[Result "1/2-1/2"]
[WhiteElo "1873"]
[BlackElo "1847"]
[PlyCount "68"]
[EventDate "2019.09.08"]
[EventType "swiss"]
[EventRounds "9"]
[EventCountry "ESP"]
[SourceTitle "EXT 2022"]
[Source "ChessBase"]
[SourceDate "2021.10.06"]
[SourceVersion "1"]
[SourceVersionDate "2021.10.06"]
[SourceQuality "1"]

1. d4 d5 2. c4 e6 3. Nc3 c5 4. cxd5 exd5 5. Nf3 Nc6 6. dxc5 d4 7. Na4 Bxc5 8. Nxc5 Qa5+ 9. Qd2 Qxc5 10. a3 Bg4 11. Qg5 Qxg5 12. Bxg5 f6 13. Bf4 Nge7 14. h3 Bf5 15. Rd1 Rd8 16. g4 Be4 17. Bg2 Ng6 18. Bg3 Nge5 19. 0-0 Nxf3+ 20. exf3 Bd5 21. Rfe1+ Kf7 22. f4 Bxg2 23. Kxg2 Rhe8 24. Rxe8 Rxe8 25. b4 a6 26. Rd3 Ke6 27. Rd1 Kd5 28. Rc1 Re2 29. Kf3 Ra2 30. Rc5+ Ke6 31. f5+ Ke7 32. b5 Rxa3+ 33. Ke4 axb5 34. Rxb5 Ra7 1/2-1/2

[Event "Madrid San Viator op-A 31st"]
[Site "Madrid"]
[Date "2019.10.06"]
[Round "4"]
[White "Padin Lazaro, Jose Manuel"]
[Black "Garcia Martin, Esteban"]
[Result "1/2-1/2"]
[WhiteElo "1847"]
[BlackElo "1875"]
[PlyCount "38"]
[EventDate "2019.09.08"]
[EventType "swiss"]
[EventRounds "9"]
[EventCountry "ESP"]
[SourceTitle "EXT 2022"]
[Source "ChessBase"]
[SourceDate "2021.10.06"]
[SourceVersion "1"]
[SourceVersionDate "2021.10.06"]
[SourceQuality "1"]

1. e4 c5 2. Nf3 d6 3. Bb5+ Bd7 4. Bxd7+ Qxd7 5. c4 Nc6 6. d4 cxd4 7. Nxd4 g6 8. Nc3 Bg7 9. Be3 Nf6 10. f3 Ne5 11. b3 a6 12. 0-0 0-0 13. Qd2 Rac8 14. Rac1 Qc7 15. Rfd1 Ned7 16. Bg5 Rfe8 17. Nd5 Qc5 18. Nxf6+ Bxf6 19. Bxf6 Nxf6 1/2-1/2

[Event "Madrid San Viator op-A 27th"]
[Site "Madrid"]
[Date "2016.11.06"]
[Round "7"]
[White "Camarero Izquierdo, Juan Carlos"]
[Black "Padin Lazaro, Jose Manuel"]
[Result "1/2-1/2"]
[WhiteElo "1816"]
[BlackElo "1913"]
[PlyCount "109"]
[EventDate "2016.09.25"]
[EventType "swiss"]
[EventRounds "9"]
[EventCountry "ESP"]
[SourceTitle "EXT 2019"]
[Source "ChessBase"]
[SourceDate "2018.10.10"]
[SourceVersion "1"]
[SourceVersionDate "2018.10.10"]
[SourceQuality "1"]

1. d4 d5 2. Nc3 e6 3. e4 Nf6 4. Bg5 Bb4 5. Bxf6 Qxf6 6. e5 Qd8 7. Qg4 0-0 8. Nge2 f6 9. f4 c5 10. dxc5 Bxc5 11. 0-0-0 Nc6 12. exf6 Qxf6 13. Qf3 a6 14. Nxd5 exd5 15. Qxd5+ Qf7 16. Qxc5 Qxa2 17. Nc3 Qa1+ 18. Kd2 Rd8+ 19. Ke3 Re8+ 20. Kf2 Qxb2 21. Bc4+ Be6 22. Rhe1 Bxc4 23. Qxc4+ Kh8 24. Ne4 Qb4 25. Qe2 Qe7 26. Qh5 g6 27. Qh3 Qg7 28. Rd7 Re7 29. Red1 Rae8 30. Rxe7 Rxe7 31. Ng5 Qf6 32. g3 Qc3 33. Qf1 Qxc2+ 34. Kg1 Qe2 35. Qxe2 Rxe2 36. Rd7 Re7 37. Nf7+ Kg7 38. Ne5 Kf6 39. Rd6+ Re6 40. Nd7+ Ke7 41. Rxe6+ Kxe6 42. Nc5+ Kd5 43. Nxb7 a5 44. Nxa5 Nxa5 45. Kg2 Ke4 46. Kh3 Kf3 47. Kh4 h6 48. f5 gxf5 49. Kh5 Nc4 50. Kxh6 Kg4 51. Kg6 Ne5+ 52. Kf6 Nd7+ 53. Ke6 Nc5+ 54. Ke5 Ne4 55. h3+ 1/2-1/2

[Event "Madrid San Viator op 23rd"]
[Site "Madrid"]
[Date "2014.10.19"]
[Round "4"]
[White "Padin Lazaro, Jose Manuel"]
[Black "Gallego Romero, Manuel"]
[Result "1-0"]
[WhiteElo "1922"]
[BlackElo "1500"]
[PlyCount "109"]
[EventDate "2014.09.28"]
[EventType "swiss"]
[EventRounds "9"]
[EventCountry "ESP"]
[SourceTitle "EXT 2016"]
[Source "ChessBase"]
[SourceDate "2015.10.08"]
[SourceVersion "1"]
[SourceVersionDate "2015.10.08"]
[SourceQuality "1"]

1. e4 e5 2. Nf3 d6 3. d4 exd4 4. Nxd4 Nf6 5. Nc3 c6 6. Bf4 Nbd7 7. Qd2 a6 8. 0-0-0 Ne5 9. Nf3 Bg4 10. Bxe5 dxe5 11. Qxd8+ Rxd8 12. Rxd8+ Kxd8 13. Nxe5 Be6 14. Bc4 Ke7 15. f3 g6 16. Bxe6 Kxe6 17. Nc4 Be7 18. Rd1 Rb8 19. Ne2 Nh5 20. Nd4+ Kf6 21. g3 Kg7 22. Ne2 Nf6 23. c3 Kf8 24. Nf4 Ke8 25. e5 Nd7 26. e6 Nf6 27. Nd6+ Bxd6 28. Rxd6 Ke7 29. Rd2 g5 30. Nh3 h6 31. exf7 Kxf7 32. Nf2 Re8 33. Kd1 Re7 34. Re2 Rd7+ 35. Kc2 Rd5 36. Nd3 Nd7 37. f4 gxf4 38. Nxf4 Rd6 39. Rd2 Rxd2+ 40. Kxd2 Nf6 41. Nd3 Nd7 42. Ke3 c5 43. Kf4 Kf6 44. g4 c4 45. Nf2 Nc5 46. h4 Nd3+ 47. Nxd3 cxd3 48. Ke3 Ke5 49. g5 hxg5 50. hxg5 Kf5 51. Kxd3 Kxg5 52. Kd4 Kf5 53. Kc5 Ke5 54. Kb6 Kd5 55. Kxb7 1-0

[Event "Madrid San Viator op 23rd"]
[Site "Madrid"]
[Date "2014.09.28"]
[Round "1"]
[White "Elissalt Cardenas, Hector"]
[Black "Padin Lazaro, Jose Manuel"]
[Result "1-0"]
[WhiteElo "2334"]
[BlackElo "1922"]
[PlyCount "69"]
[EventDate "2014.09.28"]
[EventType "swiss"]
[EventRounds "9"]
[EventCountry "ESP"]
[SourceTitle "EXT 2016"]
[Source "ChessBase"]
[SourceDate "2015.10.08"]
[SourceVersion "1"]
[SourceVersionDate "2015.10.08"]
[SourceQuality "1"]

1. c4 e5 2. Nc3 Nc6 3. g3 Bc5 4. Bg2 a6 5. e3 Nf6 6. Nge2 d6 7. h3 Ba7 8. d3 Be6 9. Nd5 Bxd5 10. cxd5 Ne7 11. Qb3 Rb8 12. 0-0 0-0 13. Bd2 c6 14. dxc6 bxc6 15. Qa3 Qd7 16. b3 d5 17. Rac1 Rfc8 18. Bb4 Nf5 19. Bc5 Bxc5 20. Qxc5 Qe7 21. Rc2 Qxc5 22. Rxc5 Rb5 23. Rc2 Ne7 24. Nc3 Rb7 25. Na4 Nd7 26. h4 f5 27. e4 fxe4 28. dxe4 d4 29. Bh3 Rd8 30. Be6+ Kh8 31. Bxd7 Rbxd7 32. Nc5 Ra7 33. Nd3 Kg8 34. Rc5 Kf7 35. Nxe5+ 1-0

[Event "Madrid San Viator op 22nd"]
[Site "Madrid"]
[Date "2014.06.01"]
[Round "9"]
[White "Padin Lazaro, Jose Manuel"]
[Black "Del Noval Nemeshazi, Nesztor"]
[Result "1/2-1/2"]
[WhiteElo "1862"]
[BlackElo "1430"]
[PlyCount "66"]
[EventDate "2014.03.23"]
[EventType "swiss"]
[EventRounds "9"]
[EventCountry "ESP"]
[SourceTitle "EXT 2015"]
[Source "ChessBase"]
[SourceDate "2014.11.20"]
[SourceVersion "1"]
[SourceVersionDate "2014.11.20"]
[SourceQuality "1"]

1. e4 c5 2. Nf3 d6 3. d4 cxd4 4. Nxd4 Nf6 5. Nc3 a6 6. Bc4 e6 7. Bb3 b5 8. 0-0 b4 9. Na4 Nxe4 10. Re1 Nc5 11. Nxc5 dxc5 12. Qf3 Ra7 13. Ba4+ Bd7 14. Nxe6 fxe6 15. Qh5+ g6 16. Qe5 Bxa4 17. Qxh8 Re7 18. Bg5 Qc7 19. Bxe7 Qxe7 20. Qe5 Nc6 21. Qe4 Nd4 22. Qa8+ Kf7 23. Qxa6 Bb5 24. Qb6 Qd6 25. Qb7+ Be7 26. Qe4 Bc6 27. Qd3 Bb5 28. Qd1 Bd8 29. Re3 Bc7 30. Rh3 Be2 31. Qc1 h5 32. Qh6 Bg4 33. Qh7+ Kf6 1/2-1/2

[Event "Madrid San Viator op 20th"]
[Site "Madrid"]
[Date "2013.05.19"]
[Round "6"]
[White "Julian Serra, Rogelio"]
[Black "Padin Lazaro, Jose Manuel"]
[Result "1-0"]
[WhiteElo "2014"]
[BlackElo "1809"]
[PlyCount "69"]
[EventDate "2013.04.07"]
[EventType "swiss"]
[EventRounds "9"]
[EventCountry "ESP"]
[SourceTitle "EXT 2014"]
[Source "ChessBase"]
[SourceDate "2013.11.20"]
[SourceVersion "1"]
[SourceVersionDate "2013.11.20"]
[SourceQuality "1"]

1. Nf3 d5 2. g3 c5 3. Bg2 Nc6 4. 0-0 Nf6 5. b3 e6 6. e3 Bd6 7. c4 0-0 8. Bb2 b6 9. Nc3 Bb7 10. cxd5 Nxd5 11. Nxd5 exd5 12. d4 Ne7 13. dxc5 bxc5 14. Ng5 h6 15. Nh3 Qc7 16. Qg4 Be5 17. Bxe5 Qxe5 18. Rfd1 Rfd8 19. Qf4 f6 20. Rac1 Rac8 21. Qa4 a6 22. Qa5 Qc7 23. Qxc7 Rxc7 24. Nf4 Kf7 25. Rd2 g5 26. Nd3 c4 27. bxc4 dxc4 28. Bxb7 Rxb7 29. Ne5+ Ke8 30. Rxd8+ Kxd8 31. Nf7+ Kd7 32. Rxc4 Rb1+ 33. Kg2 Ke6 34. Nxh6 f5 35. e4 1-0

[Event "Madrid San Viator op 20th"]
[Site "Madrid"]
[Date "2013.04.21"]
[Round "3"]
[White "Montesinos Hernandez, Alejandro"]
[Black "Padin Lazaro, Jose Manuel"]
[Result "0-1"]
[WhiteElo "1498"]
[BlackElo "1809"]
[PlyCount "60"]
[EventDate "2013.04.07"]
[EventType "swiss"]
[EventRounds "9"]
[EventCountry "ESP"]
[SourceTitle "EXT 2014"]
[Source "ChessBase"]
[SourceDate "2013.11.20"]
[SourceVersion "1"]
[SourceVersionDate "2013.11.20"]
[SourceQuality "1"]

1. e4 e6 2. d4 d5 3. e5 c5 4. c3 Nc6 5. Nf3 Qb6 6. a3 Nh6 7. b4 cxd4 8. cxd4 Nf5 9. Bb2 Be7 10. Be2 a5 11. b5 a4 12. g4 Nh4 13. 0-0 Nxf3+ 14. Bxf3 Qxb5 15. Bc1 Bd7 16. Nc3 Qc4 17. Ne2 Na5 18. Rb1 0-0 19. g5 Rfc8 20. h4 Qc2 21. Bb2 Nb3 22. Qxc2 Rxc2 23. Bc1 Rac8 24. Re1 Bb5 25. Be3 Bxa3 26. h5 Bb2 27. g6 a3 28. Rxb2 axb2 29. Kh2 Bxe2 30. Bxe2 Rxe2 0-1

[Event "Madrid San Viator op 19th"]
[Site "Madrid"]
[Date "2012.09.23"]
[Round "1"]
[White "Padin Lazaro, Jose Manuel"]
[Black "Savchuk, Olga"]
[Result "1-0"]
[WhiteElo "1806"]
[BlackElo "1464"]
[PlyCount "49"]
[EventDate "2012.09.23"]
[EventType "swiss"]
[EventRounds "9"]
[EventCountry "ESP"]
[SourceTitle "EXT 2013"]
[Source "ChessBase"]
[SourceDate "2012.11.22"]
[SourceVersion "1"]
[SourceVersionDate "2012.11.22"]
[SourceQuality "1"]

1. e4 c5 2. Nf3 Nc6 3. d4 cxd4 4. Nxd4 g6 5. c4 Bg7 6. Be3 Nf6 7. Nc3 Qa5 8. f3 0-0 9. Qd2 d6 10. Be2 Bd7 11. 0-0 Rac8 12. Rac1 Ne5 13. Nd5 Qd8 14. Qb4 b6 15. Nb5 Bxb5 16. Qxb5 Ned7 17. Rfd1 e6 18. Nb4 Nb8 19. c5 a6 20. Nxa6 Nxa6 21. Qxa6 Ra8 22. Rxd6 Rxa6 23. Rxd8 Rxa2 24. Rxf8+ Bxf8 25. c6 1-0

[Event "Madrid San Viator op 18th"]
[Site "Madrid"]
[Date "2012.05.20"]
[Round "7"]
[White "Cabanas Bravo, Juan Andres"]
[Black "Padin Lazaro, Jose Manuel"]
[Result "1-0"]
[WhiteElo "2092"]
[BlackElo "1799"]
[PlyCount "83"]
[EventDate "2012.03.25"]
[EventType "swiss"]
[EventRounds "9"]
[EventCountry "ESP"]
[SourceTitle "EXT 2013"]
[Source "ChessBase"]
[SourceDate "2012.11.22"]
[SourceVersion "1"]
[SourceVersionDate "2012.11.22"]
[SourceQuality "1"]

1. e4 e6 2. d4 d5 3. Nc3 Bb4 4. Bd2 dxe4 5. Qg4 Nf6 6. Qxg7 Rg8 7. Qh6 Qxd4 8. 0-0-0 Bf8 9. Qh4 Rg4 10. Qh3 Qxf2 11. Be2 Rh4 12. Qxh4 Qxh4 13. g3 Qh6 14. Bxh6 Bxh6+ 15. Kb1 a6 16. Nh3 b5 17. Rhf1 Ke7 18. g4 b4 19. g5 Bxg5 20. Nxg5 bxc3 21. Rf4 h6 22. Rdf1 hxg5 23. Rxf6 Nc6 24. Rxf7+ Kd6 25. bxc3 Ne5 26. Rd1+ Kc6 27. Rg7 Bb7 28. Rxg5 Nf3 29. Rh5 Rg8 30. Bf1 Kb6 31. Rh3 Rg1 32. Kc1 Rh1 33. Bg2 Rxh2 34. Rxh2 Nxh2 35. Rg1 Nf3 36. Bxf3 exf3 37. Rg6 Kc5 38. Rf6 Bd5 39. Kd2 c6 40. Rf4 Kd6 41. c4 Ke5 42. Ke3 1-0

[Event "Madrid Oliver Gonzalez Memorial 2nd"]
[Site "Madrid"]
[Date "2011.10.16"]
[Round "9"]
[White "Padin Lazaro, Jose Manuel"]
[Black "Lorite Cruz, Francisco"]
[Result "0-1"]
[WhiteElo "1737"]
[BlackElo "2038"]
[PlyCount "64"]
[EventDate "2011.10.08"]
[EventType "swiss"]
[EventRounds "9"]
[EventCountry "ESP"]
[SourceTitle "CBM 144 Extra"]
[Source "ChessBase"]
[SourceDate "2011.10.28"]
[SourceVersion "1"]
[SourceVersionDate "2011.10.28"]
[SourceQuality "1"]

1. e4 c5 2. Nf3 a6 3. c4 Nc6 4. d4 cxd4 5. Nxd4 e5 6. Nc2 Nf6 7. Nc3 h6 8. Be3 d6 9. Be2 Be7 10. f3 Be6 11. Qd2 Rc8 12. b4 0-0 13. Rc1 Nh5 14. g3 Nf6 15. a3 Nh7 16. h4 f5 17. exf5 Bxf5 18. Nd5 Kh8 19. Bb6 Qe8 20. Nce3 Be6 21. Rd1 Bd8 22. b5 axb5 23. cxb5 Nd4 24. Bxd4 exd4 25. Qxd4 Bxd5 26. Nxd5 Rxf3 27. b6 Nf6 28. Nf4 d5 29. Rf1 Rxg3 30. Rg1 Rc4 31. Qf2 Rxg1+ 32. Qxg1 Rxf4 0-1

[Event "Madrid Oliver Gonzalez Memorial 2nd"]
[Site "Madrid"]
[Date "2011.10.14"]
[Round "7"]
[White "Lopez Heras, Arturo"]
[Black "Padin Lazaro, Jose Manuel"]
[Result "1/2-1/2"]
[WhiteElo "1904"]
[BlackElo "1737"]
[PlyCount "73"]
[EventDate "2011.10.08"]
[EventType "swiss"]
[EventRounds "9"]
[EventCountry "ESP"]
[SourceTitle "CBM 144 Extra"]
[Source "ChessBase"]
[SourceDate "2011.10.28"]
[SourceVersion "1"]
[SourceVersionDate "2011.10.28"]
[SourceQuality "1"]

1. e4 e6 2. d4 d5 3. e5 c5 4. Nf3 Nc6 5. Bd3 cxd4 6. 0-0 Qc7 7. Bf4 h6 8. h4 Bd7 9. a3 g5 10. Bg3 g4 11. Nh2 h5 12. Re1 0-0-0 13. c3 Qb6 14. b4 Bg7 15. Bf1 dxc3 16. Nxc3 Kb8 17. Rc1 Nh6 18. Bd3 Ka8 19. Kh1 Ne7 20. f4 Nhf5 21. Nf1 Rc8 22. Qd2 Nxg3+ 23. Nxg3 f6 24. Qe2 Qd4 25. Nb5 Bxb5 26. Bxb5 f5 27. Bd7 Rc3 28. Nxh5 Bh6 29. g3 Ng6 30. Bxe6 Nxf4 31. gxf4 Rh3+ 32. Kg2 Bxf4 33. Rh1 Re3 34. Qc2 Rc3 35. Qe2 Re3 36. Qc2 Rc3 37. Qe2 1/2-1/2

[Event "Madrid Oliver Gonzalez Memorial 2nd"]
[Site "Madrid"]
[Date "2011.10.13"]
[Round "6"]
[White "Padin Lazaro, Jose Manuel"]
[Black "Tirado Parra, Alberto"]
[Result "1-0"]
[WhiteElo "1737"]
[BlackElo "1914"]
[PlyCount "65"]
[EventDate "2011.10.08"]
[EventType "swiss"]
[EventRounds "9"]
[EventCountry "ESP"]
[SourceTitle "CBM 144 Extra"]
[Source "ChessBase"]
[SourceDate "2011.10.28"]
[SourceVersion "1"]
[SourceVersionDate "2011.10.28"]
[SourceQuality "1"]

1. e4 e5 2. Nf3 d6 3. d4 Nd7 4. Bc4 c6 5. Nc3 Be7 6. 0-0 b5 7. Bd3 Ngf6 8. Re1 0-0 9. h3 Qc7 10. Ne2 Re8 11. c3 Rb8 12. Ng3 Bf8 13. Nf5 exd4 14. cxd4 c5 15. Bf4 c4 16. Bc2 Bb7 17. Ng3 h6 18. Qd2 Rbd8 19. Nh4 Ne5 20. f3 Nd3 21. Bxd3 cxd3 22. Nhf5 Qc2 23. Qxc2 dxc2 24. Rac1 g5 25. Bd2 Rc8 26. Bb4 Rc6 27. Re2 Rc4 28. Bxd6 Bxd6 29. Nxd6 Rxd4 30. Nxe8 Rd1+ 31. Re1 Nxe8 32. Rexd1 cxd1Q+ 33. Rxd1 1-0

[Event "Madrid Oliver Gonzalez Memorial 2nd"]
[Site "Madrid"]
[Date "2011.10.12"]
[Round "5"]
[White "Davicce Canada, Juan Antonio"]
[Black "Padin Lazaro, Jose Manuel"]
[Result "1-0"]
[WhiteElo "2088"]
[BlackElo "1737"]
[PlyCount "77"]
[EventDate "2011.10.08"]
[EventType "swiss"]
[EventRounds "9"]
[EventCountry "ESP"]
[SourceTitle "CBM 144 Extra"]
[Source "ChessBase"]
[SourceDate "2011.10.28"]
[SourceVersion "1"]
[SourceVersionDate "2011.10.28"]
[SourceQuality "1"]

1. d4 d5 2. c4 e6 3. Nc3 c5 4. cxd5 exd5 5. Nf3 Nc6 6. g3 Nf6 7. Bg2 Be7 8. 0-0 0-0 9. Bg5 c4 10. Ne5 Be6 11. Rc1 Qa5 12. Nxc6 bxc6 13. e4 h6 14. Be3 Rab8 15. Qe2 Nxe4 16. Nxe4 dxe4 17. Bf4 Rb7 18. Bxe4 Qxa2 19. Bb1 Qxb2 20. Qe4 g6 21. Bxh6 Rd8 22. Rfd1 Rbd7 23. Qe5 Bf8 24. Bxf8 Rxf8 25. Bxg6 fxg6 26. Qxe6+ Rff7 27. Qxg6+ Kf8 28. Qh6+ Kg8 29. Qg6+ Kf8 30. Rc2 Qb3 31. Qh6+ Kg8 32. Re1 Rde7 33. Rxe7 Rxe7 34. Qg6+ Kf8 35. Rc1 Qb4 36. Qf6+ Kg8 37. Kg2 Rf7 38. Qg6+ Kf8 39. Rb1 1-0